Statistics for The Count of Monte Cristo Franchise

Click here to take the quiz!

General Stats

  • This quiz has been taken 20 times
  • The average score is 23 of 47

Answer Stats

TypeYearNameInfo% Correct
Novel1844-1846The Count of Monte CristoAlexandre Dumas
100%
Musical2009The Count of Monte CristoFrank Wildhorn
100%
TV Mini-Series1979The Count of Monte CristoVPS
100%
TV Film1975The Count of Monte CristoNBC
100%
TV Show1964The Count of Monte CristoBBC One
100%
Film2002The Count of Monte CristoBuena Vista Pictures
100%
Film1961The Count of Monte CristoGaumont
100%
Short Film1908The Count of Monte CristoSelig Polyscope Company
100%
Musical2011The Count of Monte CristoJames Behr
100%
TV Show1956The Count of Monte CristoATV
100%
Film1954The Count of Monte CristoLa Société des Films Sirius / Lux Film
100%
Film1953The Count of Monte CristoArgentina Sono Films S.A.C.I. / Cinematográfica Calderón S.A.
100%
TV Mini-Series1998The Count of Monte CristoTF1
100%
Radio Series1944-1952The Count of Monte CristoDon Lee Network / Mutual Broadcasting System
100%
Film1934The Count of Monte CristoUnited Artists
100%
Film1913The Count of Monte CristoFamous Players Film Company
100%
Film1918The Count of Monte CristoPathé Frères
100%
Film1943The Count of Monte CristoRegina Distribution
100%
Film1942The Count of Monte CristoClasa-Mohme
100%
Film1929The Count of Monte CristoTerra
100%
Film1922Monte CristoFox Film Corporation
67%
TV Show2006-2007MontecristoTV Azteca
67%
TV Show2006Montecristo: Un Amor, Una VenganzaTelefe
67%
Film1940The Son of Monte CristoUnited Artists
13%
Anime Series2004-2005Gankutsuou: The Count of Monte CristoTV Asahi / Animax / NHK BS2 / AT-X
7%
Manga2005-2008Gankutsuou: The Count of Monte CristoMahiro Maeda
7%
TV Show2011-2015RevengeABC
7%
Film1932The Countess of Monte CristoUFA
7%
Film1948The Countess of Monte CristoUniversal
7%
Film1934The Countess of Monte CristoUniversal
7%
Novel2000The Stars' Tennis BallsStephen Fry
7%
Novel2008A Prisoner of BirthJeffrey Archer
0%
TV Show2009-2011EzelShow TV / ATV
0%
Film1954KarkottaiKemparaj Productions
0%
Film1951Mask of the AvengerColumbia
0%
Film1982PadayottamNavodaya Release
0%
Film1958Raj TilakGemini Pictures
0%
Film1988The Prisoner of Château d'IfOdessa Film Studio
0%
Film1968The Return of Monte CristoPathé
0%
Film1946The Return of Monte CristoColumbia
0%
Novel1956The Stars My DestinationAlfred Bester
0%
Film1951The Sword of Monte Cristo20th Century Fox
0%
Film1961The Treasure of Monte CristoMGM
0%
Film1946The Wife of Monte CristoProducers Releasing Corporation
0%
Film1958Vanji-Kottai ValipanGemini Pictures
0%
Film1986VetaSamyuktha Movies
0%
TV Show2016YagoUnivision
0%

Score Distribution

Percentile by Number Answered

Percent of People with Each Score

Your Score History

You have not taken this quiz